A short history of Canada (Record no. 208760)

MARC details
000 -LEADER
fixed length control field 00360nam a2200145Ia 4500
008 - FIXED-LENGTH DATA ELEMENTS--GENERAL INFORMATION
fixed length control field 230917s9999||||xx |||||||||||||| ||und||
040 ## - CATALOGING SOURCE
-- 97132
Original cataloging agency VIVEKANANDA LIBRARY
041 ## - Language
-- English
082 ## - DDC NUMBER
Classification number 971 M394S
100 ## - MAIN ENTRY--PERSONAL NAME
Personal name Masters, Donald C
245 #2 - TITLE STATEMENT
Title A short history of Canada
260 ## - PUBLICATION, DISTRIBUTION, ETC. (IMPRINT)
Place of publication, distribution, etc New York
Name of publisher, distributor, etc Van Nostrand Reinhold
Date of publication, distribution, etc 1958
300 ## - PHYSICAL DESCRIPTION
Pages 191 p.
942 ## - ADDED ENTRY ELEMENTS (KOHA)
Koha item type Books
Holdings
Withdrawn status Lost status Damaged status Not for loan Location (home branch) Sublocation or collection (holding branch) Date acquired Koha issues (times borrowed) Koha full call number Accession No. Koha date last seen Koha item type
        VIVEKANANDA LIBRARY VIVEKANANDA LIBRARY 01/09/2003   971 M394S 70768 17/09/2023 Books
© Designed and Maintained by Vivekananda Library, MDU Rohtak